<?xml version="1.0" encoding="UTF-8" ?>
<collection xmlns="http://www.loc.gov/MARC21/slim"><record><leader>00841nam a2200205 c 4500</leader><controlfield tag="001">167786</controlfield><controlfield tag="003">Zü176</controlfield><controlfield tag="005">20170718133931.0</controlfield><datafield tag="035" ind1=" " ind2=" "><subfield code="a">(OCoLC)938797883</subfield></datafield><datafield tag="041" ind1=" " ind2=" "><subfield code="a">ger</subfield></datafield><datafield tag="100" ind1="1" ind2="0"><subfield code="a">Gilsi, Fritz </subfield><subfield code="d">1878-1961</subfield></datafield><datafield tag="245" ind1="0" ind2="0"><subfield code="a">Postkarte, St. Gallen, 7 April, Frl. Servaes, Kunsthaus, Zürich</subfield><subfield code="b">Sehr geehrt Fr Servaes ...</subfield><subfield code="c">mit bestem Gruss FGilsi, F Gilsi, St. Georgen /b StGallen, 1/3 Speicherstrasse</subfield><subfield code="h">Manuskript</subfield></datafield><datafield tag="260" ind1=" " ind2=" "><subfield code="a">St. Gallen</subfield><subfield code="c">1917</subfield></datafield><datafield tag="300" ind1=" " ind2=" "><subfield code="a">1 Blatt</subfield><subfield code="c">9 x 14 cm</subfield></datafield><datafield tag="600" ind1="1" ind2="7"><subfield code="a">Gilsi, Hans Fritz</subfield><subfield code="d">1878-1961</subfield><subfield code="x">Postkarte</subfield><subfield code="x">Handschrift</subfield><subfield code="2">gnd</subfield></datafield><datafield tag="610" ind1="2" ind2="7"><subfield code="a">Kunsthaus Zürich</subfield><subfield code="x">Ausstellung</subfield><subfield code="x">Geschäftsbrief</subfield><subfield code="2">gnd</subfield></datafield><datafield tag="700" ind1="1" ind2="0"><subfield code="a">Servert, Hedwig</subfield><subfield code="e">Adressat</subfield></datafield><datafield tag="710" ind1="2" ind2="0"><subfield code="a">Kunsthaus Zürich</subfield></datafield><datafield tag="852" ind1="4" ind2="0"><subfield code="a">CH-000273-5</subfield><subfield code="c">10.30.30.163.gilsi.19170407</subfield></datafield><datafield tag="856" ind1="4" ind2="1"><subfield code="u">https://digital.kunsthaus.ch:443/viewer/image/167786/1/</subfield><subfield code="y">Kunsthaus Zürich Sammlungen online</subfield></datafield></record></collection>